[Event "RSA Inter Regional-ch"]
[Site "Boksburg"]
[Date "2018.12.11"]
[Round "6.4"]
[White "Nkwe, Omogolo"]
[Black "Nhamuave, Eleazar"]
[Result "1/2-1/2"]
[WhiteElo "1512"]
[BlackElo "1584"]
[PlyCount "98"]
[EventDate "2018.01.09"]
[EventType "team-swiss"]
[EventRounds "7"]
[EventCountry "RSA"]
[SourceTitle "CBM 189 Extra"]
[Source "ChessBase"]
[SourceDate "2019.06.03"]
[SourceVersion "1"]
[SourceVersionDate "2019.06.03"]
[SourceQuality "1"]
[WhiteTeam "Bojanala Platina"]
[BlackTeam "Tshwane White"]
[WhiteTeamCountry "RSA"]
[BlackTeamCountry "RSA"]

1. e4 d5 2. exd5 Qxd5 3. c4 Qd6 4. Nf3 c6 5. Be2 Nf6 6. d4 Bf5 7. 0-0 g6 8. Nc3 Bg7 9. g3 0-0 10. a3 Na6 11. c5 Qd8 12. Bxa6 bxa6 13. Re1 Bg4 14. Be3 Nd5 15. Kg2 Rb8 16. Nxd5 Qxd5 17. b4 Qh5 18. h4 Rfd8 19. Bf4 e5 20. Bxe5 Bxe5 21. Rxe5 Bxf3+ 22. Qxf3 Qxf3+ 23. Kxf3 Rxd4 24. Re7 a5 25. Ke3 Rd5 26. Rc7 a6 27. Rxc6 axb4 28. axb4 Rxb4 29. Raxa6 Rc4 30. Ra8+ Kg7 31. Rac8 Rc3+ 32. Ke2 Rc2+ 33. Ke3 Rc3+ 34. Ke4 Rd2 35. Rb6 Rxf2 36. c6 Rd2 37. Rb7 Rdd3 38. Rb4 Rxg3 39. Kd5 Rgd3+ 40. Rd4 Rxd4+ 41. Kxd4 Rc1 42. c7 Kf6 43. Kd5 Ke7 44. Ke5 h5 45. Kd5 f6 46. Rg8 Rxc7 47. Rg7+ Kd8 48. Rxg6 Rd7+ 49. Ke4 Rd1 1/2-1/2

[Event "RSA-chT Inter Provincial"]
[Site "Bloemfontein"]
[Date "2017.09.01"]
[Round "3.3"]
[White "Breytenbach, Jan"]
[Black "Nkwe, Omogolo"]
[Result "1-0"]
[WhiteElo "1609"]
[BlackElo "1529"]
[PlyCount "85"]
[EventDate "2017.08.31"]
[EventType "team-swiss"]
[EventRounds "6"]
[EventCountry "RSA"]
[SourceTitle "CBM 180 Extra"]
[Source "ChessBase"]
[SourceDate "2017.10.06"]
[SourceVersion "1"]
[SourceVersionDate "2017.10.06"]
[SourceQuality "1"]
[WhiteTeam "Mpumalanga"]
[BlackTeam "North West"]
[WhiteTeamCountry "RSA"]
[BlackTeamCountry "RSA"]

1. c4 Nf6 2. Nc3 d5 3. cxd5 Nxd5 4. Qb3 Nb6 5. g3 g6 6. Bg2 Bg7 7. Nf3 0-0 8. 0-0 Nc6 9. d3 Bg4 10. Qd1 Qd7 11. Ne4 Qf5 12. Rb1 Qb5 13. Bd2 Qh5 14. Re1 Rfd8 15. Bc3 Be6 16. a3 Bd5 17. Bxg7 Kxg7 18. Ned2 Be6 19. Qc2 Rd7 20. Ne4 Rdd8 21. b4 a6 22. a4 Nd5 23. b5 Ne5 24. Qb2 f6 25. Nxe5 Qxe5 26. Qxe5 fxe5 27. Rec1 axb5 28. axb5 b6 29. Nc3 Nxc3 30. Rxc3 Ra2 31. Rxc7 Rxe2 32. Rxe7+ Kf6 33. Rb7 Rd2 34. Rxb6 R2xd3 35. Bh3 R3d6 36. Rxd6 Rxd6 37. b6 Bd5 38. b7 Bxb7 39. Rxb7 h5 40. Rb4 g5 41. Bf1 Rd1 42. Kg2 Kf5 43. Be2 1-0